| 000 | 00720cab a2200217 4500 | ||
|---|---|---|---|
| 001 | WB2642-11 | ||
| 008 | 090401t1990 xxu||||| |||| 00| 0 eng d | ||
| 035 | _a(Sirsi) u2825 | ||
| 041 | _aeng | ||
| 245 | _aDraft regulations for environmental protection bill | ||
| 260 | _c1990 | ||
| 350 | _a0 | ||
| 490 |
_aDoE News Release _vno 588 24 October 1990 2 pages |
||
| 520 | _aSets out draft regulations for information to be contained in applications for authorisation under Part I of the Environmental Protection Bill | ||
| 650 | _aHER MAJESTYS INSPECTORATE OF POLLUTION | ||
| 650 | _aPOLLUTION CONTROL | ||
| 650 | _aREGISTERS | ||
| 690 | _aENVIRONMENTAL AND LAND CONSULTANCY | ||
| 942 | _n0 | ||
| 948 | _c04/03/1997 | ||
| 999 |
_c1699 _d1699 |
||